| 000 | 00531nam a22001937a 4500 | ||
|---|---|---|---|
| 003 | OSt | ||
| 005 | 20240625155102.0 | ||
| 008 | 240625b |||||||| |||| 00| 0 eng d | ||
| 020 | _a18707840XX | ||
| 040 | _cDDC | ||
| 082 | _a303.4 SOC 1995 | ||
| 100 |
_aEdited by Nomthetho G. Simelane _917885 |
||
| 245 | _aSocial Transformation: the Swaziland case | ||
| 260 |
_aDakar; _bSARC, _c1995 |
||
| 300 | _aix,146p;ill: 22cm | ||
| 500 | _aReferences, & index included | ||
| 650 |
_aSocial transformation _917886 |
||
| 942 |
_2ddc _cO_SHELF |
||
| 999 |
_c8850 _d8850 |
||